Welcome to CU Library Online Public Access Catalogue (OPAC)

Cases and materials on oil and gas law / (Record no. 214)

MARC details
000 -LEADER
fixed length control field 01619cam a2200277 i 4500
001 - CONTROL NUMBER
control field 17701802
005 - DATE AND TIME OF LATEST TRANSACTION
control field 20241025172417.0
008 - FIXED-LENGTH DATA ELEMENTS--GENERAL INFORMATION
fixed length control field 130417s2013 mnua b 001 0 eng
020 ## - INTERNATIONAL STANDARD BOOK NUMBER
International Standard Book Number 9780314285164 (cloth)
020 ## - INTERNATIONAL STANDARD BOOK NUMBER
International Standard Book Number 0314285164 (cloth)
020 ## - INTERNATIONAL STANDARD BOOK NUMBER
International Standard Book Number 9780314287755 (pbk. ; teacher's manual)
050 00 - LIBRARY OF CONGRESS CALL NUMBER
Classification number KF1849
Item number .C37 2013
100 1# - MAIN ENTRY--PERSONAL NAME
Personal name Lowe, John S.,
Dates associated with a name 1941-
245 10 - TITLE STATEMENT
Title Cases and materials on oil and gas law /
Statement of responsibility, etc. by John S. Lowe, George W. Hutchison Professor of Energy Law, Southern Methodist University; Owen L. Anderson, Eugene Kuntz Chair in Oil, Gas and Natural Resources, George Lynn Cross Research Professor, Director, John B. Turner LL.M., Program in Energy, Natural Resources & Indigenous Peoples, The University of Oklahoma; Ernest E. Smith, Rex G. Baker Centennial Chair in Natural Resources Law, The University of Texas; David E. Pierce, Professor of Law, Washburn University; Christopher S. Kulander, Assistant Professor of Law, Texas Tech School of Law, of Counsel, Haynes and Boone, LLP.
250 ## - EDITION STATEMENT
Edition statement Sixth edition.
260 ## - PUBLICATION, DISTRIBUTION, ETC.
Place of publication, distribution, etc. USA
Name of publisher, distributor, etc. West Publishing Co.
Date of publication, distribution, etc. 2013
300 ## - PHYSICAL DESCRIPTION
Extent l, 1328 pages :
Other physical details illustrations ;
Dimensions 26 cm. +
Accompanying material teacher's manual.
650 #0 - SUBJECT ADDED ENTRY--TOPICAL TERM
Topical term or geographic name entry element Petroleum law and legislation
Geographic subdivision United States
Form subdivision Cases.
650 #0 - SUBJECT ADDED ENTRY--TOPICAL TERM
Topical term or geographic name entry element Natural gas
General subdivision Law and legislation
Geographic subdivision United States
Form subdivision Cases.
700 1# - ADDED ENTRY--PERSONAL NAME
Personal name Anderson, Owen L.
700 1# - ADDED ENTRY--PERSONAL NAME
Personal name Smith, Ernest E.
Fuller form of name (Ernest Edgar),
Dates associated with a name 1936-
700 1# - ADDED ENTRY--PERSONAL NAME
Personal name Pierce, David E.
700 1# - ADDED ENTRY--PERSONAL NAME
Personal name Kulander, Christopher S.
Fuller form of name (Christopher Stewart),
Dates associated with a name 1970-
856 41 - ELECTRONIC LOCATION AND ACCESS
Materials specified Table of contents only
Uniform Resource Identifier <a href="http://www.loc.gov/catdir/toc/fy14pdf03/2012554073.html">http://www.loc.gov/catdir/toc/fy14pdf03/2012554073.html</a>
942 ## - ADDED ENTRY ELEMENTS (KOHA)
Source of classification or shelving scheme Library of Congress Classification
Koha item type Books
Suppress in OPAC No
999 ## -
-- 214
-- 214
Holdings
Withdrawn status Lost status Source of classification or shelving scheme Damaged status Not for loan Home library Current library Shelving location Date acquired Total checkouts Full call number Barcode Date last seen Price effective from Koha item type
    Library of Congress Classification     Law Library Annex (Miotso) Law Library Annex (Miotso) General stacks 10/25/2024   KF1849.C37 CAS LLM00000120 10/25/2024 10/25/2024 Books
© 2023-2024 Copyright: Central University Libraries. All Rights Reserved | Created by: Mahone Tech Office